Aktuality v gastroenterológii 2018

Bibliographic Details
Main Authors: Bátovský, Marian, 1951- (Author, Editor), Kaščák, Marián, 1943- (Author), Mikloš, Ján (Author)
Format: Book
Language:Slovak
PhysicalDescription:97 strán grafy, ilustrácie, mapy, tabuľky 21 cm
Published: Bratislava Vydavateľstvo zdravotníckej literatúry HERBA, spol. s r.o. 2018
ISBN:9788089631803
Edition:Vydanie: prvé
Subjects:

MARC

LEADER 00000nam a2200000 4500
001 vtls011765183
003 SK-MaSNL
005 20260301142450.0
008 200104s2017 xo da f n 000 0 slo
015 |a SNBA2018/07 
020 |a 9788089631803  |q (brožované) 
035 |a urn:nbn:sk:snk-am00d4rq 
035 |a urn:nbn:sk:snk-am3hlot 
035 |a A17998AD-D60A-4E95-9543-D92ED5958C9C 
040 |a SNK  |b slo  |c SNK  |e rda 
041 0 |a slo 
044 |a xo  |c SK 
072 7 |a 616  |x Patológia. Klinická medicína  |2 konspekt 
080 |a 616.32/.37  |2 2011 
080 |a (082)  |2 2011 
100 1 |a Bátovský, Marian,  |d 1951-  |4 aut  |4 edt  |9 190101 
245 1 0 |a Aktuality v gastroenterológii 2018  |c Marian Bátovský a kolektív ; editor Marian Bátovský ; autori Marian Bátovský, Marián Kaščák, Ján Mikloš 
250 |a Vydanie: prvé 
264 1 |a Bratislava  |b Vydavateľstvo zdravotníckej literatúry HERBA, spol. s r.o.  |c 2018 
300 |a 97 strán  |b grafy, ilustrácie, mapy, tabuľky  |c 21 cm 
336 |a text  |b txt  |2 rdacontent 
337 |a bez média  |b n  |2 rdamedia 
338 |a zväzok  |b nc  |2 rdacarrier 
504 |a Bibliografia 
650 0 7 |a gastroenterológia  |2 SNKPH  |9 1164 
650 0 7 |a Gastroenterology  |2 SNKPHeng  |9 267565 
655 7 |a zborníky  |2 SNKPH  |9 70165 
655 7 |a Papers of several authors  |2 SNKPHeng  |9 153738 
700 1 |a Kaščák, Marián,  |d 1943-  |4 aut  |9 218255 
700 1 |a Mikloš, Ján  |4 aut  |9 465432 
919 |a 978-80-89631-80-3 
958 |a MI 
958 |a NB 
999 |c 770321  |d 772251 
952 |a SNK  |b SNK  |y VYP  |7 0  |p 17A1333278  |o snkSC 180153 D1  |i snk2018/14379  |8 0  |0 0  |1 0  |4 0  |d 2018-07-03  |l 0  |r 2026-02-24 00:32:51  |w 2026-02-24 
952 |a SNK  |b SNK  |y PREZ  |7 0  |p 17A1333277  |o snkSC 180153  |i snk2018/14378  |8 0  |0 0  |1 0  |4 0  |d 2018-07-03  |f 1  |l 0  |r 2026-02-24 00:32:51  |w 2026-02-24